Inflación recesiva: (Registro nro. 12212)

Detalles MARC
000 -LEADER
fixed length control field 01075nam a2200253Ia 4500
003 - CONTROL NUMBER IDENTIFIER
control field OSt
005 - DATE AND TIME OF LATEST TRANSACTION
control field 20210813144006.0
008 - FIXED-LENGTH DATA ELEMENTS--GENERAL INFORMATION
fixed length control field 210310s1982 ar ad gr 000 0 spa d
020 ## - INTERNATIONAL STANDARD BOOK NUMBER
International Standard Book Number 9500235862
040 ## - CATALOGING SOURCE
Original cataloging agency CO-JMCR
Transcribing agency CO-JMCR
041 0# - LANGUAGE CODE
Language code of text/sound track or separate title spa
082 04 - DEWEY DECIMAL CLASSIFICATION NUMBER
Classification number 332.41 /
Item number F363i
Edition number 23
100 1# - MAIN ENTRY--PERSONAL NAME
Personal name Fernández Pol, Jorge Eduardo
Relator term autor
9 (RLIN) 27598
245 10 - TITLE STATEMENT
Title Inflación recesiva:
Remainder of title una aproximación microeconómica /
Statement of responsibility, etc. Jorge Eduardo Fernández Pol,
260 ## - PUBLICATION, DISTRIBUTION, ETC.
Place of publication, distribution, etc. Argentina :
Name of publisher, distributor, etc. El ateneo,
Date of publication, distribution, etc. 1982.
300 ## - PHYSICAL DESCRIPTION
Extent 111 páginas ;
Dimensions 20 cm.
490 0# - SERIES STATEMENT
Series statement Biblioteca de ciencias económicas ;
-- Economía
504 ## - BIBLIOGRAPHY, ETC. NOTE
Bibliography, etc. note Bibliografía : páginas 107-111.
505 0# - FORMATTED CONTENTS NOTE
Formatted contents note Estructura, comportamiento, objetivos y racionalidad. -- Punto de transición y concepto conexos. -- Extensiones del análisis del punto de transición. -- Inflación con recesión. -- Enfoque microeconómico de la inflación recesiva.
650 14 - SUBJECT ADDED ENTRY--TOPICAL TERM
Topical term or geographic name entry element Gestión industrial
9 (RLIN) 11784
650 24 - SUBJECT ADDED ENTRY--TOPICAL TERM
Topical term or geographic name entry element Efecto de la inflación
Geographic subdivision Colombia
9 (RLIN) 39386
650 24 - SUBJECT ADDED ENTRY--TOPICAL TERM
Topical term or geographic name entry element Expectativas inflacionarias
9 (RLIN) 39387
942 ## - ADDED ENTRY ELEMENTS (KOHA)
Source of classification or shelving scheme Dewey Decimal Classification
Koha item type Books
Existencias
Withdrawn status Lost status Source of classification or shelving scheme Damaged status Not for loan Home library Current library Shelving location Date acquired Source of acquisition Total Checkouts Full call number Barcode Date last seen Date last checked out Copy number Price effective from Koha item type
    Dewey Decimal Classification     Biblioteca Pública José María del Castillo y Rada Biblioteca Pública José María del Castillo y Rada General Stacks 04/15/2018 Donación 1 332.41 / F363i 430002556 06/04/2024 06/04/2024 Ej.1 03/10/2021 Books